Catálogo público

Wood machining processes (Record no. 28503)

MARC details
000 -CABECERA
campo de control de longitud fija 01214nam a22003497a 4500
003 - IDENTIFICADOR DEL NÚMERO DE CONTROL
campo de control CHAP
005 - FECHA Y HORA DE LA ÚLTIMA TRANSACCIÓN
campo de control 20220329134938.0
008 - DATOS DE LONGITUD FIJA--INFORMACIÓN GENERAL
campo de control de longitud fija 971013s1964 r 00010 d
010 ## - NÚMERO DE CONTROL DE LA BIBLIOTECA DEL CONGRESO
Número de control de LC 28503
011 ## - ENLACE DEL NUMERO DE CONTROL DE LA BIBLIOTECA DEL CONGRESO [OBSOLETO]
Número de control de LC 29475
035 ## - NÚMERO DE CONTROL DEL SISTEMA
Número de control de sistema 33586
040 ## - FUENTE DE LA CATALOGACIÓN
Centro/agencia transcriptor CHAP
082 ## - NÚMERO DE LA CLASIFICACIÓN DECIMAL DEWEY
Número de clasificación 674.1
Número de documento/Ítem K62
100 00 - ENTRADA PRINCIPAL--NOMBRE DE PERSONA
Nombre de persona Koch, Peter.
9 (RLIN) 63581
245 ## - MENCIÓN DE TÍTULO
Título Wood machining processes
260 ## - PUBLICACIÓN, DISTRIBUCIÓN, ETC.
Lugar de publicación, distribución, etc. New York :
Nombre del editor, distribuidor, etc. Ronald Press,
Fecha de publicación, distribución, etc. 1964
300 ## - DESCRIPCIÓN FÍSICA
Extensión 530 p.
Otras características físicas : ilus.
490 ## - MENCIÓN DE SERIE
Mención de serie Wood processing series
590 ## - NOTA LOCAL (RLIN)
Nota local BATCH-UPD
Procedencia (VM) [OBSOLETO] 10
Condición del los carretes individuales (VM) [OBSOLETO] 20130110
-- UCH01
-- 1941
590 ## - NOTA LOCAL (RLIN)
Nota local BATCH-UPD
Procedencia (VM) [OBSOLETO] 10
Condición del los carretes individuales (VM) [OBSOLETO] 20130410
-- UCH01
-- 1304
590 ## - NOTA LOCAL (RLIN)
Nota local BATCH-UPD
Procedencia (VM) [OBSOLETO] 10
Condición del los carretes individuales (VM) [OBSOLETO] 20130914
-- UCH01
-- 1709
590 ## - NOTA LOCAL (RLIN)
Nota local CONVERSION
Procedencia (VM) [OBSOLETO] 10
Condición del los carretes individuales (VM) [OBSOLETO] 20130109
-- UCH01
-- 1316
650 14 - PUNTO DE ACCESO ADICIONAL DE MATERIA--TÉRMINO DE MATERIA
Término de materia o nombre geográfico como elemento de entrada Madera
Subdivisión general Tecnología.
9 (RLIN) 69629
830 0# - PUNTO DE ACCESO ADICIONAL DE SERIE-TÍTULO UNIFORME
Título uniforme Wood processing series
9 (RLIN) 122501
901 ## - ELEMENTOS DE DATOS A LOCAL LDA (RLIN)
a BK
942 ## - ELEMENTOS DE PUNTO DE ACCESO ADICIONAL (KOHA)
Tipo de ítem Koha Libro
949 ## - PROCESAMIENTO DE INFORMACIÓN LOCAL (OCLC)
a 674.1 K62
b BC
c LIBRO
d 33724000149068
e LIBRO
h 31516
i 33586
s i
949 ## - PROCESAMIENTO DE INFORMACIÓN LOCAL (OCLC)
a 674.1 K62
b BC
c LIBRO
d 33724000149076
e LIBRO
f c.2
h 31517
i 33586
s i
949 ## - PROCESAMIENTO DE INFORMACIÓN LOCAL (OCLC)
a 674.1 K62
b BC
c LIBRO
d 33724000149084
e LIBRO
f c.3
h 31517
i 33586
s i
949 ## - PROCESAMIENTO DE INFORMACIÓN LOCAL (OCLC)
a 674.1 K62
b BC
c LIBRO
d 33724000149092
e LIBRO
f c.4
h 31519
i 33586
s i
949 ## - PROCESAMIENTO DE INFORMACIÓN LOCAL (OCLC)
a 674.1 K62
b BC
c LIBRO
d 33724000149100
e LIBRO
f c.5
h 31520
i 33586
s i
Holdings
Estado de retiro Estado de pérdida Fuente del sistema de clasificación o colocación Estado dañado Restricciones de uso No para préstamo Código de colección Localización permanente Ubicación/localización actual Ubicación en estantería Fecha de adquisición Información codificada de la localización en otra ubicación Total de préstamos Signatura topográfica completa Código de barras Fecha visto por última vez Precio válido a partir de Tipo de ítem Koha Número de copia
    Dewey Decimal Classification   Préstamo 15 días   General Biblioteca Central Biblioteca Central Planta principal - Colección General 31/12/2019 LIBRO   674.1 K62 33724000149068 31/12/2019 31/12/2019 Libro  
    Dewey Decimal Classification   Préstamo 15 días   General Biblioteca Central Biblioteca Central Planta principal - Colección General 31/12/2019 LIBRO   674.1 K62 33724000149076 31/12/2019 31/12/2019 Libro c.2
    Dewey Decimal Classification   Préstamo 15 días   General Biblioteca Central Biblioteca Central Planta principal - Colección General 31/12/2019 LIBRO   674.1 K62 33724000149084 31/12/2019 31/12/2019 Libro c.3
    Dewey Decimal Classification   Préstamo 15 días   General Biblioteca Central Biblioteca Central Planta principal - Colección General 31/12/2019 LIBRO   674.1 K62 33724000149092 31/12/2019 31/12/2019 Libro c.4
    Dewey Decimal Classification   Préstamo 15 días   General Biblioteca Central Biblioteca Central Planta principal - Colección General 31/12/2019 LIBRO   674.1 K62 33724000149100 31/12/2019 31/12/2019 Libro c.5